Ateny - quiz wielokrotnego wyboru - Statystyki

Ogólne statystyki
  • Ten quiz został rozwiązany 1 346 razy
  • Średni wynik to 7 z 10
Statystyki odpowiedzi
Zagadnienie Odpowiedź % Poprawnych
Ateny są znane jako miejsce narodzin .... Demokracji
94%
Który z tych obrazów przedstawia Partenon?
86%
Które z tych miejsc jest położone około 40 km od Aten? Maraton
72%
Ateny były pierwszym miastem, które... Zorganizowały nowożytne Igrzyska Olimpijskie
69%
Ze wszystkich stolic Europy Ateny... Mają najmniejsze średnie opady deszczu
68%
W jakim regionie Grecji znajdują się Ateny? Attyka
66%
Kogo skazano na śmierć w 399 r. p.n.e. za deprawowanie młodzieży ateńskiej? Sokratesa
62%
Kto pokonał Ateny w wojnie peloponeskiej? Sparta
59%
Czym jest Akropol ateński? Ufortyfikowanym wzgórzem o płaskim szczycie
59%
Kto założył Akademię w 387 r. p.n.e.? Platon
57%
Nie znaleziono quizów pasujących do podanych kryteriów
Rozkład punktacji
Procent ludzi z każdym wynikiem
Percentyl według liczby udzielonych odpowiedzi
Twoja historia wyników
Nie rozwiązałeś tego quizu